|
|
|
|
| LEADER |
01093pam a22002898a 4500 |
| 001 |
00022306 |
| 005 |
20171026081025.0 |
| 008 |
110528s2008 ||||||Viesd |
| 020 |
|
|
|c 23000
|
| 041 |
0 |
# |
|a Vie
|
| 082 |
1 |
# |
|a 355.007 1
|b GI108TR
|
| 100 |
0 |
# |
|a Nguyễn Tiến Hải
|
| 245 |
0 |
0 |
|a Giáo trình giáo dục quốc phòng - An ninh
|b Dùng cho sinh viên các trường Đại học, Cao đẳng
|c Nguyễn Tiến Hải, Nguyễn Hữu Thảo, Phan Tân Hưng
|n T.2
|
| 260 |
# |
# |
|a H.
|b Giáo Dục
|c 2008
|
| 300 |
# |
# |
|a 223 tr.
|c 24 cm.
|
| 650 |
# |
7 |
|2 Giáo dục
|
| 650 |
|
|
|a Giáo trình
|
| 650 |
|
|
|a Quốc phòng
|
| 653 |
# |
# |
|a An ninh
|
| 700 |
0 |
# |
|a Nguyễn Hữu Thảo
|
| 700 |
0 |
# |
|a Phan Tân Hưng
|
| 852 |
# |
# |
|b Kho giáo trình
|j KGT.0032756, KGT.0033688, KGT.0034393
|
| 852 |
# |
# |
|b Kho mượn
|j KGT.0032756
|
| 852 |
# |
# |
|b Kho đọc
|j KD.0008952
|
| 852 |
# |
# |
|j KD.0008952
|j KGT.0032756
|j KGT.0034393
|j KGT.0033688
|
| 910 |
# |
# |
|a kìm
|d 28/05/2011
|
| 980 |
# |
# |
|a Trung tâm Học liệu Lê Vũ Hùng, Trường Đại học Đồng Tháp
|